| 000 | 00393nam a22001457a 4500 | ||
|---|---|---|---|
| 003 | NUST - PNEC | ||
| 005 | 20170116181041.0 | ||
| 008 | 150922b xxu||||| |||| 00| 0 eng d | ||
| 040 | _cLIBRARY | ||
| 082 | _a621.38887 MAR | ||
| 100 |
_911606 _aMargolis, Art |
||
| 245 |
_aThe practical handbook of TV repairs _cArt Margolis |
||
| 650 |
_99805 _aTelevision--Repairing _xMS COM |
||
| 942 |
_2ddc _cBK |
||
| 999 |
_c68107 _d68107 |
||